Statistics for Born in Dundee

Click here to take the quiz!

General Stats

  • This quiz has been taken 7 times
  • The average score is 3 of 5

Answer Stats

HintAnswer% Correct
Former footballer who played for Stoke, Liverpool, Rangers and the Scottish national team1985Charlie Adam
71%
Actor, "Sucession" "Braveheart" "Manhunter"1946Brian Cox
57%
Middle- and long-distance runner and winner of two silver medals at the European Championships1990Eilish McColgan
57%
Former footballer and head coach of Huddersfield Town since 20221983Mark Fotheringham
57%
Actress, best known for her role as Cho Chang in the "Harry Potter" films1987Katie Leung
29%

Score Distribution

Percentile by Number Answered

Percent of People with Each Score

Your Score History

You have not taken this quiz